Word Ladder: Follow Your Heart Quiz Stats

 Plays Quiz Updated Oct 30, 2014

Challenge
Share
Tweet
Embed
Score 0/18 Timer 03:00
4 Plays Today
Clue 5-Letter Word % Correct
Half a half dozenTHREE
91.5%
_____heart: Term of endearment for a loved oneSWEET
90.7%
11- or 12-year-oldTWEEN
90%
Comment, in fewer than 140 charactersTWEET
89.5%
Heart_____: Anguish after a romantic splitBREAK
89.4%
Small streamCREEK
87.6%
TossedTHREW
87.3%
Haunted house noiseCREAK
86.2%
Win every game of a seriesSWEEP
85.9%
Clue 5-Letter Word % Correct
One of Cyprus' official languagesGREEK
84.4%
Eco-friendlyGREEN
84%
Shakespeare's Kate, by titleSHREW
83.6%
Throat ailment, for shortSTREP
80.2%
Heart_____: Fangirl's teen idolTHROB
79.7%
Highly inclinedSTEEP
78.4%
Wooden kitchenwareTREEN
77.7%
Scatter aboutSTREW
77.1%
Spasm of painTHROE
70.4%

Today's Daily Dose

You're not logged in!

Compare scores with friends on all Sporcle quizzes.
OR
Log In

You Might Also Like...

Show Comments

Extras

Top Quizzes Today


Score Distribution

Your Account Isn't Verified!

In order to create a playlist on Sporcle, you need to verify the email address you used during registration. Go to your Sporcle Settings to finish the process.

Report this User

Report this user for behavior that violates our Community Guidelines.

Details: